[Event "Team men HL chess 2018"]
[Site "Sochi"]
[Date "2018.05.01"]
[Round "1.1"]
[White "Rozum, Ivan"]
[Black "Kezin, Roman"]
[Result "1/2-1/2"]
[WhiteElo "2581"]
[BlackElo "2445"]
[PlyCount "113"]
[EventDate "2018.05.01"]

1. d4 d5 2. c4 e6 3. Nc3 c6 4. e3 Nf6 5. Nf3 Nbd7 6. Qc2 Bd6 7. b3 O-O 8. Be2
a6 9. O-O e5 10. cxd5 cxd5 11. dxe5 Nxe5 12. Bb2 Be6 13. Rac1 Rc8 14. Qb1 Nfg4
15. g3 Nxf3+ 16. Bxf3 Qf6 17. Bxg4 Bxg4 18. f3 Bh3 19. Ne4 Qh6 20. Nxd6 Rxc1
21. Qxc1 Bxf1 22. Nf5 Qh3 23. Ne7+ Kh8 24. Qxf1 Qe6 25. Ba3 Qxe3+ 26. Qf2 Qxf2+
27. Kxf2 Rd8 28. Nf5 Rc8 29. Nd4 Re8 30. Bc1 Kg8 31. Be3 f6 32. Ke2 Kf7 33. Kd3
g6 34. Ne2 Ke6 35. Nf4+ Kd6 36. g4 Re7 37. Bd2 Ke5 38. Ne2 Rf7 39. Bc3+ Kd6 40.
Nf4 g5 41. Nh5 f5 42. Bf6 fxg4 43. fxg4 h6 44. Kd4 Ke6 45. a4 Rc7 46. Be5 Rc1
47. Ng7+ Kf7 48. Kxd5 Rb1 49. Kc4 Rg1 50. Nf5 Rxg4+ 51. Kc5 Ke6 52. Nxh6 Rh4
53. Bg7 Rxh2 54. Kb6 g4 55. Nxg4 Rg2 56. Kxb7 Rxg4 57. Bf8 1/2-1/2

[Event "Team men HL chess 2018"]
[Site "Sochi"]
[Date "2018.05.01"]
[Round "1.2"]
[White "Bublei, Pavel"]
[Black "Lintchevski, Daniil"]
[Result "1/2-1/2"]
[WhiteElo "2387"]
[BlackElo "2544"]
[PlyCount "67"]
[EventDate "2018.05.01"]

1. d4 d5 2. c4 dxc4 3. e4 e5 4. Nf3 exd4 5. Bxc4 Bb4+ 6. Bd2 Bxd2+ 7. Nbxd2 Nc6
8. O-O Qf6 9. Bb5 Nge7 10. e5 Qg6 11. Nxd4 O-O 12. Nxc6 Nxc6 13. Bxc6 Qxc6 14.
Rc1 Qe6 15. Rxc7 Qxe5 16. Qc1 Be6 17. Nf3 Qd5 18. Ng5 Rac8 19. Nxe6 Qxe6 20. h3
h6 21. Rd1 Rxc7 22. Qxc7 Qe2 23. Rd8 Rxd8 24. Qxd8+ Kh7 25. Qd4 a6 26. a4 b5
27. axb5 Qxb5 28. Qe4+ Kg8 29. Qa8+ Kh7 30. Qe4+ Kg8 31. Qa8+ Kh7 32. Qe4+ Kg8
33. Qa8+ Kh7 34. Qe4+ 1/2-1/2

[Event "Team men HL chess 2018"]
[Site "Sochi"]
[Date "2018.05.01"]
[Round "1.3"]
[White "Moiseenko, Vadim"]
[Black "Antonenko, Vladimir"]
[Result "1-0"]
[WhiteElo "2522"]
[BlackElo "2343"]
[PlyCount "55"]
[EventDate "2018.05.01"]

1. d4 Nf6 2. c4 e6 3. Nc3 d5 4. cxd5 exd5 5. Bg5 c6 6. e3 Bd6 7. Bd3 O-O 8.
Nge2 Re8 9. Qc2 h6 10. Bh4 Nbd7 11. h3 a5 12. g4 a4 13. Rg1 a3 14. b3 g5 15.
Bg3 Bb4 16. O-O-O Qe7 17. Bf5 Ne4 18. Nxe4 dxe4 19. h4 c5 20. hxg5 hxg5 21. Kb1
b5 22. Rh1 c4 23. Rh5 Nf8 24. Rdh1 Bxf5 25. gxf5 f6 26. bxc4 bxc4 27. Qxc4+ Kg7
28. Rh8 1-0

[Event "Team men HL chess 2018"]
[Site "Sochi"]
[Date "2018.05.01"]
[Round "1.4"]
[White "Gubsky, Egor"]
[Black "Smirnov, Artem"]
[Result "0-1"]
[WhiteElo "2303"]
[BlackElo "2400"]
[PlyCount "100"]
[EventDate "2018.05.01"]

1. d4 Nf6 2. c4 e6 3. Nf3 Bb4+ 4. Bd2 a5 5. g3 d5 6. Bg2 O-O 7. O-O Be7 8. Qc2
c6 9. Bf4 Nbd7 10. Nc3 dxc4 11. Nd2 Nb6 12. Rfd1 Nfd5 13. Qc1 g5 14. Be3 Nxe3
15. fxe3 g4 16. Nf1 f5 17. Nb1 e5 18. dxe5 Qc7 19. Qc3 Be6 20. Nbd2 Bb4 21. Qc2
Qxe5 22. Kh1 Rae8 23. a3 Bxd2 24. Rxd2 Nd5 25. e4 fxe4 26. Qxc4 Ne3 27. Qc3
Qxc3 28. bxc3 Nc4 29. Rd4 Bd5 30. a4 h5 31. Kg1 Re5 32. Rad1 Rfe8 33. Bh1 Kg7
34. Bg2 R8e7 35. Kf2 Rf5+ 36. Kg1 Rfe5 37. Kf2 b6 38. Kg1 Bf7 39. Kf2 b5 40.
axb5 e3+ 41. Ke1 cxb5 42. h3 Na3 43. Rc1 Bb3 44. Rd8 Nc2+ 45. Kd1 Rf5 46. hxg4
Rf2 47. Rxc2 Rxg2 48. Kc1 Bxc2 49. Kxc2 Rxe2+ 50. Kd1 Ra2 0-1

[Event "Team men HL chess 2018"]
[Site "Sochi"]
[Date "2018.05.01"]
[Round "1.1"]
[White "Novikov, Konstantin"]
[Black "Sychev, Klementy"]
[Result "0-1"]
[WhiteElo "2255"]
[BlackElo "2550"]
[PlyCount "44"]
[EventDate "2018.05.01"]

1. e4 c5 2. Nf3 d6 3. c3 Nf6 4. h3 g6 5. Bd3 Bg7 6. Bc2 O-O 7. d4 cxd4 8. cxd4
Nc6 9. Nc3 e5 10. d5 Nd4 11. Be3 Nxc2+ 12. Qxc2 Bd7 13. g4 b5 14. Ne2 Rc8 15.
Qd3 Qa5+ 16. Bd2 b4 17. Ng3 Bb5 18. Qb3 Rc4 19. Rc1 Rxc1+ 20. Bxc1 Nd7 21. Be3
Rc8 22. Ne2 Ba4 0-1

[Event "Team men HL chess 2018"]
[Site "Sochi"]
[Date "2018.05.01"]
[Round "1.2"]
[White "Demidov, Mikhail"]
[Black "Novikov, Maxim"]
[Result "1-0"]
[WhiteElo "2511"]
[BlackElo "2488"]
[PlyCount "85"]
[EventDate "2018.05.01"]

1. d4 Nf6 2. Nf3 c5 3. e3 g6 4. d5 Bg7 5. Nc3 O-O 6. Bc4 d6 7. O-O Na6 8. e4
Nc7 9. Re1 Bg4 10. h3 Bxf3 11. Qxf3 Nd7 12. Qg3 Rb8 13. a4 a6 14. a5 b5 15.
axb6 Rxb6 16. Nd1 Rb4 17. Bd3 Nb6 18. c3 Ra4 19. Rb1 Ra2 20. c4 Ra4 21. Re2 Qd7
22. b3 Ra1 23. Rxa1 Bxa1 24. Nb2 e5 25. Bh6 Rb8 26. f4 Qe7 27. fxe5 dxe5 28.
Qe1 Bxb2 29. Rxb2 Nd7 30. Be3 Qd6 31. Bc2 Kg7 32. Ra2 Rf8 33. Qd2 Kg8 34. Ra5
Rc8 35. Bd1 f5 36. exf5 gxf5 37. Qf2 Qb6 38. Qxf5 Qxa5 39. Qxd7 Rb8 40. Bh6
Qe1+ 41. Kh2 Ne8 42. Qe6+ Kh8 43. Qf7 1-0

[Event "Team men HL chess 2018"]
[Site "Sochi"]
[Date "2018.05.01"]
[Round "1.3"]
[White "Sadovsky, Artem"]
[Black "Nikolenko, Oleg"]
[Result "0-1"]
[WhiteElo "2393"]
[BlackElo "2480"]
[PlyCount "110"]
[EventDate "2018.05.01"]

1. d4 e6 2. c4 Nf6 3. Nf3 b6 4. g3 Ba6 5. Nbd2 c5 6. Bg2 Nc6 7. Ne5 Nxd4 8. e3
Nf5 9. Qa4 Qc8 10. Bxa8 Qxa8 11. Rg1 Qb7 12. g4 Nd6 13. Qc2 Be7 14. b3 Nfe4 15.
Bb2 Nxd2 16. Qxd2 Ne4 17. Qc2 d6 18. Nd3 O-O 19. O-O-O b5 20. f3 bxc4 21. bxc4
Ng5 22. f4 Ne4 23. g5 Rb8 24. Rg2 Qc6 25. h4 Bb7 26. h5 Ba8 27. h6 g6 28. Nf2
Rb4 29. a3 Rb6 30. Nxe4 Qxe4 31. Qc3 f6 32. gxf6 Bf8 33. f7+ Kxf7 34. Rgd2 Ke8
35. Rd3 Bb7 36. Qc2 Bxh6 37. Rxd6 Qxe3+ 38. Kb1 Rxd6 39. Rxd6 Ke7 40. Qd1 Qe4+
41. Ka1 Bd5 42. Ra6 Qxc4 43. Rxa7+ Kf8 44. Qb1 Bxf4 45. Rxh7 e5 46. Rh8+ Bg8
47. Rh3 e4 48. Rc3 Qd5 49. a4 e3 50. Rd3 Qc4 51. Rd8+ Ke7 52. Rxg8 Qxa4+ 53.
Qa2 Qd1+ 54. Qb1 e2 55. Bc3 Be5 0-1

[Event "Team men HL chess 2018"]
[Site "Sochi"]
[Date "2018.05.01"]
[Round "1.4"]
[White "Saulin, Dmitri"]
[Black "Shkurkin, Andrey"]
[Result "1/2-1/2"]
[WhiteElo "2376"]
[BlackElo "2239"]
[PlyCount "69"]
[EventDate "2018.05.01"]

1. d4 Nf6 2. c4 c5 3. d5 b5 4. cxb5 a6 5. e3 g6 6. Nc3 Bg7 7. Nf3 O-O 8. e4 d6
9. a4 Nbd7 10. Ra3 axb5 11. Bxb5 Ba6 12. Bxa6 Rxa6 13. Qe2 Qa8 14. O-O Rb8 15.
e5 Nxe5 16. Nxe5 dxe5 17. Qxe5 Rd6 18. Qxe7 Rbd8 19. Nb5 Nxd5 20. Qxd6 Rxd6 21.
Nxd6 Qa6 22. Nb5 c4 23. Rd1 Qe6 24. Nc3 Nb4 25. a5 Bd4 26. a6 Nd3 27. Rf1 Nxf2
28. a7 Nh3+ 29. Kh1 Nf2+ 30. Kg1 Nh3+ 31. Kh1 Nf2+ 32. Kg1 Nh3+ 33. Kh1 Nf2+
34. Kg1 Nh3+ 35. Kh1 1/2-1/2

[Event "Team men HL chess 2018"]
[Site "Sochi"]
[Date "2018.05.01"]
[Round "1.1"]
[White "Goryachkina, Aleksandra"]
[Black "Airapetian, Gor"]
[Result "1/2-1/2"]
[WhiteElo "2496"]
[BlackElo "2437"]
[PlyCount "118"]
[EventDate "2018.05.01"]

1. d4 Nf6 2. c4 e6 3. g3 d5 4. Bg2 dxc4 5. Nf3 Bb4+ 6. Bd2 a5 7. a3 Bxd2+ 8.
Nbxd2 b5 9. b3 cxb3 10. Qxb3 c6 11. O-O O-O 12. Rfc1 Bb7 13. Qb2 Nbd7 14. Ne1
Rc8 15. Nd3 Qb6 16. Nb3 Rfd8 17. Qc3 Ra8 18. e4 Rdc8 19. Qd2 Rd8 20. Qc3 Rdc8
21. Rab1 h6 22. h3 Qd8 23. Qe1 Ra7 24. Qe3 Nb6 25. Ne5 Ba8 26. Nc5 Re7 27. f4
Nfd7 28. Bf1 f6 29. Ng6 Re8 30. h4 Rc7 31. Rd1 Nxc5 32. dxc5 Rd7 33. Rxd7 Nxd7
34. Rd1 Qc7 35. Qd4 Nf8 36. h5 Qf7 37. Nxf8 Qxf8 38. e5 Bb7 39. Bd3 fxe5 40.
Qxe5 Qf6 41. Qd6 Rf8 42. Bb1 b4 43. axb4 axb4 44. Qd3 Bc8 45. Bc2 Qf5 46. Qxf5
exf5 47. Bb3+ Kh8 48. Rd4 Re8 49. Rxb4 Be6 50. Bxe6 Rxe6 51. Rb8+ Kh7 52. Kf2
g6 53. Rb7+ Kg8 54. hxg6 Rxg6 55. Re7 Kf8 56. Re5 Rf6 57. Kg2 Kg7 58. Kh3 Rf8
59. Re6 Rf6 1/2-1/2

[Event "Team men HL chess 2018"]
[Site "Sochi"]
[Date "2018.05.01"]
[Round "1.2"]
[White "Grigorjev, Iljya"]
[Black "Potapov, Pavel"]
[Result "0-1"]
[WhiteElo "2318"]
[BlackElo "2492"]
[PlyCount "72"]
[EventDate "2018.05.01"]

1. b3 c5 2. Bb2 Nc6 3. Nf3 d5 4. e3 Nf6 5. Bb5 Bg4 6. h3 Bh5 7. g4 Bg6 8. Ne5
Rc8 9. Bxc6+ bxc6 10. d3 Nd7 11. Nxd7 Qxd7 12. f4 e6 13. Nd2 f6 14. Qf3 c4 15.
bxc4 Bb4 16. c3 Be7 17. e4 Rb8 18. Rb1 dxe4 19. dxe4 O-O 20. Nb3 f5 21. O-O
fxe4 22. Qe3 Qd3 23. Qxd3 exd3 24. Rbe1 d2 25. Rxe6 Bh4 26. Rd6 Rfd8 27. Rxd8+
Rxd8 28. Rd1 Be1 29. f5 Be8 30. Kf1 Bf7 31. Na5 Rd3 32. Nxc6 Bxc4 33. Ne5 Rf3+
34. Kg1 Rf1+ 35. Kg2 Be2 36. Rb1 d1=Q 0-1

[Event "Team men HL chess 2018"]
[Site "Sochi"]
[Date "2018.05.01"]
[Round "1.3"]
[White "Belyakov, Bogdan"]
[Black "Ajrapetian, Gevorg"]
[Result "1-0"]
[WhiteElo "2479"]
[BlackElo "2398"]
[PlyCount "51"]
[EventDate "2018.05.01"]

1. e4 c5 2. Nf3 a6 3. c3 d6 4. d4 Qc7 5. Bd3 Nd7 6. O-O g6 7. Re1 e5 8. dxe5
Nxe5 9. Nxe5 dxe5 10. c4 Bg7 11. Nc3 Ne7 12. Bg5 O-O 13. Nd5 Nxd5 14. cxd5 Qd6
15. a4 b6 16. Qe2 f5 17. Bc4 f4 18. Be7 Qd7 19. d6+ Kh8 20. Bxf8 Bxf8 21. Red1
Ra7 22. Bb3 Qc6 23. d7 Rxd7 24. Qc4 Rg7 25. Rd8 Qf6 26. Rxc8 1-0

[Event "Team men HL chess 2018"]
[Site "Sochi"]
[Date "2018.05.01"]
[Round "1.4"]
[White "Marinin, Mikhail"]
[Black "Savitskiy, Sergey"]
[Result "0-1"]
[WhiteElo "2146"]
[BlackElo "2416"]
[PlyCount "112"]
[EventDate "2018.05.01"]

1. d4 Nf6 2. Nf3 d6 3. Bf4 Nbd7 4. e3 Nh5 5. Bd3 Nxf4 6. exf4 g6 7. O-O Bg7 8.
Nbd2 O-O 9. f5 c5 10. fxg6 hxg6 11. c3 cxd4 12. cxd4 Nf6 13. Re1 Bf5 14. Bxf5
gxf5 15. Ng5 e6 16. Rc1 Bh6 17. h4 Nd5 18. Qh5 Qf6 19. Nc4 Rad8 20. Ne3 Nf4 21.
Qf3 Bxg5 22. hxg5 Qxg5 23. Rc7 Ng6 24. d5 f4 25. Ng4 e5 26. Qh3 Kg7 27. Nh2 Rh8
28. Nf3 Qf6 29. Qg4 Rde8 30. Ng5 Rh4 31. Qd7 Re7 32. Ne4 Rxd7 33. Nxf6 Rxc7 34.
Ne8+ Kf8 35. Nxc7 a6 36. Na8 f3 37. gxf3 Rb4 38. b3 Nf4 39. Re4 Nxd5 40. Rc4
Rxc4 41. bxc4 Nc3 42. a3 Ke7 43. Nb6 Kd8 44. a4 a5 45. f4 exf4 46. c5 dxc5 47.
Nc4 Nxa4 48. Nxa5 b5 49. Kf1 Kc7 50. Nb3 Kd6 51. Ke2 Kd5 52. Kd2 c4 53. Na5 b4
54. Nb7 Nc5 55. Nd8 Ne4+ 56. Kc2 Nd6 0-1

[Event "Team men HL chess 2018"]
[Site "Sochi"]
[Date "2018.05.01"]
[Round "1.1"]
[White "Konaplev, Anton"]
[Black "Levin, Evgeny A"]
[Result "0-1"]
[WhiteElo "2376"]
[BlackElo "2528"]
[PlyCount "56"]
[EventDate "2018.05.01"]

1. d4 Nf6 2. c4 e6 3. Nc3 Bb4 4. e3 O-O 5. Nge2 c6 6. a3 Ba5 7. Ng3 d5 8. Bd3
dxc4 9. Bxc4 c5 10. O-O cxd4 11. exd4 Nc6 12. Nge2 Bb6 13. d5 exd5 14. Nxd5
Nxd5 15. Qxd5 Be6 16. Qxd8 Raxd8 17. Bb5 Na5 18. Bf4 g5 19. Bg3 f5 20. h4 f4
21. Bh2 a6 22. Ba4 Bc4 23. b4 Nc6 24. Rfe1 Rd2 25. Rad1 Rxe2 26. Rxe2 Bxe2 27.
Rd7 Ne5 28. Rxb7 Rc8 0-1

[Event "Team men HL chess 2018"]
[Site "Sochi"]
[Date "2018.05.01"]
[Round "1.2"]
[White "Duzhakov, Ilya"]
[Black "Rodin, Dmitrij"]
[Result "1-0"]
[WhiteElo "2415"]
[BlackElo "2412"]
[PlyCount "83"]
[EventDate "2018.05.01"]

1. d4 Nf6 2. c4 e6 3. Nf3 d5 4. Nc3 Be7 5. Bg5 O-O 6. e3 Nbd7 7. Rc1 h6 8. Bh4
c6 9. Be2 b6 10. O-O Bb7 11. Bg3 Rc8 12. cxd5 exd5 13. Ne5 Bb4 14. Bd3 Qe7 15.
f4 Bxc3 16. bxc3 Ne4 17. Bxe4 dxe4 18. f5 Nxe5 19. f6 gxf6 20. dxe5 fxe5 21.
Qg4+ Qg5 22. Qxe4 f5 23. Qc4+ Rf7 24. Rcd1 Qe7 25. Rxf5 Rcf8 26. Bxe5 Bc8 27.
Rxf7 Rxf7 28. Qxc6 Qxe5 29. Qxc8+ Kh7 30. Qh3 Qxc3 31. Qe6 Kg7 32. h3 Qc2 33.
Rd4 Qc1+ 34. Kh2 Qc7+ 35. Rd6 h5 36. e4 Qe7 37. Qh6+ Kg8 38. Re6 Qd7 39. e5 Rg7
40. Rg6 h4 41. Rxg7+ Qxg7 42. Qxh4 1-0

[Event "Team men HL chess 2018"]
[Site "Sochi"]
[Date "2018.05.01"]
[Round "1.3"]
[White "Kalugin, Sergey G"]
[Black "Schekachikhin, Maksim"]
[Result "1/2-1/2"]
[WhiteElo "2398"]
[BlackElo "2400"]
[PlyCount "71"]
[EventDate "2018.05.01"]

1. e4 e6 2. d4 d5 3. Nc3 Bb4 4. exd5 exd5 5. Bd3 c6 6. Qf3 Qf6 7. a3 Bd6 8.
Qxf6 Nxf6 9. Nge2 O-O 10. f3 Re8 11. Bg5 Nbd7 12. O-O h6 13. Bh4 b5 14. Bg3 Bf8
15. a4 b4 16. Nb1 a5 17. Nd2 Ba6 18. Nc1 c5 19. dxc5 Nxc5 20. Bxa6 Rxa6 21.
Ncb3 Rc8 22. Rfc1 Nfd7 23. Bf2 Ne6 24. Kf1 Be7 25. c4 bxc3 26. Rxc3 Rxc3 27.
bxc3 Bf6 28. Rc1 Ne5 29. c4 Nd3 30. Rc2 Nb4 31. Rc1 Nd3 32. Rc2 Nb4 33. Rc1 Nd3
34. Rc2 Nb4 35. Rc1 Nd3 36. Rc2 1/2-1/2

[Event "Team men HL chess 2018"]
[Site "Sochi"]
[Date "2018.05.01"]
[Round "1.4"]
[White "Vlasenko, Miroslav"]
[Black "Pogosian, Georgy"]
[Result "1-0"]
[WhiteElo "2398"]
[BlackElo "2155"]
[PlyCount "43"]
[EventDate "2018.05.01"]

1. d4 g6 2. c4 Nf6 3. Nc3 d5 4. Nf3 Bg7 5. cxd5 Nxd5 6. e4 Nxc3 7. bxc3 c5 8.
Bb5+ Bd7 9. Be2 O-O 10. O-O Bg4 11. Be3 Nd7 12. Rb1 Qc7 13. Qb3 Rab8 14. Rfd1
b5 15. Qa3 c4 16. Qxe7 Rfe8 17. Qh4 Rxe4 18. Ng5 Bxe2 19. Qxh7+ Kf8 20. Nxe4
Bxd1 21. Rxd1 a5 22. Re1 1-0

[Event "Team men HL chess 2018"]
[Site "Sochi"]
[Date "2018.05.01"]
[Round "1.1"]
[White "Rychagov, Andrey"]
[Black "Jary, Sergey"]
[Result "1-0"]
[WhiteElo "2534"]
[BlackElo "2297"]
[PlyCount "88"]
[EventDate "2018.05.01"]

1. d4 Nf6 2. c4 e6 3. Nf3 b6 4. a3 Bb7 5. Nc3 Ne4 6. Nxe4 Bxe4 7. Bf4 Be7 8.
Nd2 Bb7 9. e4 d6 10. Be3 Nd7 11. Bd3 e5 12. d5 Bg5 13. Bxg5 Qxg5 14. O-O O-O
15. b4 Qe7 16. Nb3 c5 17. Qd2 Qd8 18. Rab1 Qc7 19. g3 a5 20. bxa5 bxa5 21. Qc3
Rfb8 22. f4 Bc8 23. Nd2 f6 24. Be2 Nb6 25. Qe3 Nd7 26. Bg4 Rxb1 27. Be6+ Kh8
28. Rxb1 Rb8 29. Rxb8 Nxb8 30. Qb3 Bxe6 31. dxe6 Kg8 32. Nb1 Nc6 33. Nc3 Qb8
34. Qb5 Qc8 35. Nd5 Kf8 36. Qb6 exf4 37. gxf4 g6 38. Kf2 f5 39. exf5 gxf5 40.
Nc7 Ne7 41. Qxd6 Qb8 42. Kg3 a4 43. Kh4 h6 44. Kh5 Qc8 1-0

[Event "Team men HL chess 2018"]
[Site "Sochi"]
[Date "2018.05.01"]
[Round "1.2"]
[White "Shemyakin, Valeriy"]
[Black "Novikov, Stanislav"]
[Result "1/2-1/2"]
[WhiteElo "2266"]
[BlackElo "2540"]
[PlyCount "106"]
[EventDate "2018.05.01"]

1. d4 g6 2. c4 Bg7 3. e4 d6 4. Nc3 c6 5. Be3 a6 6. Qd2 b5 7. Rc1 Nf6 8. f3 O-O
9. b3 Nbd7 10. Nh3 bxc4 11. bxc4 c5 12. d5 Rb8 13. Nf2 Ne5 14. Be2 Rb4 15. Ncd1
a5 16. f4 Neg4 17. Bxg4 Nxg4 18. Nxg4 Bxg4 19. Nf2 Bd7 20. Nd3 Ra4 21. O-O Qb6
22. Rc2 Qa6 23. Rfc1 Re8 24. e5 Bf5 25. h3 Rc8 26. Bf2 Ra3 27. Rc3 Rxc3 28.
Qxc3 a4 29. Re1 Rb8 30. g4 Bxd3 31. Qxd3 Rb2 32. e6 fxe6 33. Rxe6 Qa5 34. Be1
Qd8 35. Qe4 Bf6 36. g5 Bd4+ 37. Kh1 Rb7 38. h4 Qf8 39. h5 Qf5 40. Qxf5 gxf5 41.
Re2 Kf7 42. Bh4 a3 43. Kg2 Rb4 44. g6+ hxg6 45. Rxe7+ Kf8 46. h6 Rb2+ 47. Kh3
Rxa2 48. h7 Rc2 49. Ra7 Rc3+ 50. Kg2 Rc2+ 51. Kh3 Rc3+ 52. Kg2 Rc2+ 53. Kh3
Rc3+ 1/2-1/2

[Event "Team men HL chess 2018"]
[Site "Sochi"]
[Date "2018.05.01"]
[Round "1.3"]
[White "Obolentseva, Alexandra"]
[Black "Kurbedinov, Ramis"]
[Result "0-1"]
[WhiteElo "2316"]
[BlackElo "2309"]
[PlyCount "64"]
[EventDate "2018.05.01"]

1. d4 Nf6 2. c4 e6 3. g3 d5 4. Bg2 c6 5. Nf3 Bb4+ 6. Bd2 Bd6 7. O-O Nbd7 8. Qc2
O-O 9. Rd1 Qe7 10. Be1 b6 11. Nc3 Bb7 12. cxd5 cxd5 13. Nb5 Bb4 14. Qc7 Ba6 15.
Nxa7 Nb8 16. Nb5 Bxb5 17. Qxb6 Bxe1 18. Qxb5 Ba5 19. Ne5 Qb4 20. Qd3 Qxb2 21.
Rab1 Qc3 22. Qb5 Qc8 23. Rd3 Bd8 24. Qb2 Nbd7 25. Rc3 Qa6 26. Rc6 Qxa2 27. Nxd7
Nxd7 28. Qxa2 Rxa2 29. Bf3 Ra7 30. e4 dxe4 31. Bxe4 Nf6 32. Bf3 Rd7 0-1

[Event "Team men HL chess 2018"]
[Site "Sochi"]
[Date "2018.05.01"]
[Round "1.4"]
[White "Derjabin, Ilja"]
[Black "Yeritsyan, Aram"]
[Result "1/2-1/2"]
[WhiteElo "2360"]
[BlackElo "2332"]
[PlyCount "139"]
[EventDate "2018.05.01"]

1. d4 Nf6 2. Nc3 d5 3. Bg5 Nbd7 4. Nf3 h6 5. Bh4 e6 6. e3 Be7 7. Bd3 c5 8. O-O
O-O 9. Re1 a6 10. a4 b6 11. Ne5 Nxe5 12. dxe5 Nd7 13. Bxe7 Qxe7 14. f4 f6 15.
exf6 Nxf6 16. Be2 Bb7 17. Bf3 Rad8 18. Qd3 e5 19. fxe5 Qxe5 20. Rad1 Rfe8 21.
Qg6 Bc6 22. Qg3 Qxg3 23. hxg3 g5 24. g4 b5 25. axb5 axb5 26. Ra1 Ra8 27. Rxa8
Rxa8 28. Rd1 Rd8 29. b4 cxb4 30. Na2 Bb7 31. Nxb4 Rc8 32. Ra1 Rc4 33. c3 Rxc3
34. Ra7 Bc8 35. Bxd5+ Kh8 36. e4 Nxg4 37. Kf1 Ne3+ 38. Kf2 Bg4 39. Nc6 Nxd5 40.
exd5 Rd3 41. Ne5 Rd2+ 42. Ke3 Re2+ 43. Kd4 Bf5 44. d6 Rxg2 45. d7 Bxd7 46. Rxd7
Rd2+ 47. Nd3 g4 48. Ke3 g3 49. Ra7 g2 50. Ra1 Rc2 51. Rg1 h5 52. Ne1 Rc1 53.
Kd2 Ra1 54. Rxg2 Ra2+ 55. Nc2 Kh7 56. Rg5 Kh6 57. Rxb5 h4 58. Kd1 Kg6 59. Kc1
Ra4 60. Rb3 Kg5 61. Kd2 Kg4 62. Rb8 h3 63. Ne3+ Kf3 64. Rf8+ Kg3 65. Nf5+ Kg2
66. Ne3+ Kg3 67. Nf5+ Kg2 68. Rg8+ Kf3 69. Rg3+ Kf4 70. Rxh3 1/2-1/2

[Event "Team men HL chess 2018"]
[Site "Sochi"]
[Date "2018.05.01"]
[Round "1.1"]
[White "Babarykin, Stanislav"]
[Black "Panarin, Mikhail"]
[Result "0-1"]
[WhiteElo "2379"]
[BlackElo "2551"]
[PlyCount "100"]
[EventDate "2018.05.01"]

1. d4 Nf6 2. Bf4 c5 3. e3 cxd4 4. exd4 Qb6 5. Na3 Nd5 6. Bc1 g6 7. Nf3 Bg7 8.
c4 Nf6 9. Nb5 O-O 10. Be2 d5 11. c5 Qd8 12. Bf4 Nc6 13. O-O Bg4 14. h3 Bxf3 15.
Bxf3 Rc8 16. Qa4 a6 17. Nc3 e6 18. Rfd1 Nd7 19. Ne2 Re8 20. Rac1 Qh4 21. Bg3
Qh6 22. Rc3 Nf6 23. Re3 g5 24. b4 Qg6 25. b5 axb5 26. Qxb5 h5 27. Qxb7 Bh6 28.
Ra3 g4 29. Bh4 gxf3 30. Rxf3 Ne4 31. Rdd3 Qh7 32. Nf4 f6 33. Qxh7+ Kxh7 34.
Nxh5 f5 35. g4 Rf8 36. gxf5 Rxf5 37. Rxf5 exf5 38. f3 Kg6 39. Ng3 Nxg3 40. Bxg3
Bg7 41. Bf2 Ra8 42. Rb3 Nxd4 43. Rb6+ Kg5 44. Rd6 Rxa2 45. Rxd5 Nxf3+ 46. Kf1
Rc2 47. Be3+ Kf6 48. Bf4 Bf8 49. Bd6 Ke6 50. Rd3 Bxd6 0-1

[Event "Team men HL chess 2018"]
[Site "Sochi"]
[Date "2018.05.01"]
[Round "1.2"]
[White "Zakaryan, David"]
[Black "Meshkov, Yuri A"]
[Result "1/2-1/2"]
[WhiteElo "2398"]
[BlackElo "2315"]
[PlyCount "171"]
[EventDate "2018.05.01"]

1. Nf3 c5 2. e4 a6 3. c3 g6 4. d4 cxd4 5. Qxd4 Nf6 6. e5 Nc6 7. Qh4 Nd5 8. Bc4
Nb6 9. Bb3 Na5 10. Bh6 Nxb3 11. axb3 d6 12. Bxf8 Kxf8 13. Qd4 Kg8 14. Nbd2 d5
15. c4 Be6 16. c5 Nd7 17. O-O Qc7 18. Rfc1 Kg7 19. b4 Rac8 20. Nb3 Nb8 21. Qf4
d4 22. Nbxd4 Bd5 23. Nh4 Rhg8 24. Ra3 Nc6 25. Nxc6 Qxc6 26. Rg3 Kh8 27. Nf3 Rg7
28. h4 Rcg8 29. Rd1 f6 30. exf6 exf6 31. Nd4 Qa4 32. b3 Qxb4 33. Qxf6 Qxc5 34.
Rg5 b6 35. h5 Rf8 36. Qe5 Bg8 37. Qxc5 bxc5 38. Rxc5 Rd7 39. hxg6 hxg6 40. Rd3
Rf4 41. Ne2 Rxd3 42. Nxf4 Rd6 43. b4 Bf7 44. g3 Kg7 45. Rc7 Kf6 46. f3 Rd4 47.
Rc6+ Kf5 48. Rb6 g5 49. Ng2 Rd1+ 50. Kh2 Rd3 51. g4+ Ke5 52. Kg3 Ra3 53. Ne1
Re3 54. Kf2 Ra3 55. Rc6 Be6 56. Ke2 Bd5 57. Rg6 Kf4 58. Rf6+ Kg3 59. Rf5 Bc4+
60. Kd2 Bb5 61. Rxg5 Ra2+ 62. Kc3 Ra3+ 63. Kd4 Kf2 64. Re5 Be2 65. Nc2 Rd3+ 66.
Kc4 Rd2+ 67. Kc3 Rd3+ 68. Kb2 Bxf3 69. g5 Rd6 70. Ne3 Rg6 71. Nc4 Kg3 72. Re3
Rxg5 73. Nd2 Rb5 74. Rxf3+ Kg4 75. Kc3 a5 76. bxa5 Rxa5 77. Rf8 Rf5 78. Rc8 Rf7
79. Ne4 Kf4 80. Nd6 Rd7 81. Rc6 Ra7 82. Nb5 Ra8 83. Kd3 Rd8+ 84. Nd6 Ra8 85.
Rc4+ Kg5 86. Rd4 1/2-1/2

[Event "Team men HL chess 2018"]
[Site "Sochi"]
[Date "2018.05.01"]
[Round "1.3"]
[White "Suslov, Evgeniy"]
[Black "Oganian, Miran"]
[Result "1/2-1/2"]
[WhiteElo "2305"]
[BlackElo "2422"]
[PlyCount "86"]
[EventDate "2018.05.01"]

1. Nf3 Nf6 2. g3 d5 3. Bg2 e6 4. c4 d4 5. O-O c5 6. e3 Nc6 7. exd4 cxd4 8. d3
Bd6 9. Bg5 h6 10. Bxf6 Qxf6 11. Nbd2 Qd8 12. a3 a5 13. Rc1 O-O 14. c5 Be7 15.
Re1 Qc7 16. Qa4 Ra6 17. Ne4 Rd8 18. Nfd2 Ne5 19. Qc2 a4 20. Nc4 Nxc4 21. Qxc4
e5 22. Qb4 Be6 23. Nd6 Bxd6 24. cxd6 Qxd6 25. Qxd6 Rdxd6 26. Rxe5 Rab6 27. Rc2
Rb3 28. Rd2 Rdb6 29. Ra5 Rxb2 30. Rxb2 Rxb2 31. Be4 f5 32. Bf3 b5 33. Bc6 Rb3
34. Bxb5 Rb1+ 35. Kg2 Bd5+ 36. f3 Rb2+ 37. Kg1 Bxf3 38. Bc4+ Kh7 39. Rxf5 Bg4
40. Rf4 Bh3 41. Rh4 Rb1+ 42. Kf2 Rb2+ 43. Kg1 Rb1+ 1/2-1/2

[Event "Team men HL chess 2018"]
[Site "Sochi"]
[Date "2018.05.01"]
[Round "1.4"]
[White "Kudelya, Igor"]
[Black "Draganov, Ruslan"]
[Result "1-0"]
[WhiteElo "2341"]
[BlackElo "2159"]
[PlyCount "105"]
[EventDate "2018.05.01"]

1. g3 d5 2. Bg2 Nf6 3. d3 e5 4. Nf3 Bd6 5. O-O O-O 6. c3 Qe7 7. Qc2 Bg4 8. Bg5
Nbd7 9. h3 Bxf3 10. Bxf3 h6 11. Bxf6 Nxf6 12. Nd2 c6 13. Bg2 Rad8 14. a4 Qe6
15. a5 a6 16. Qb3 Rd7 17. Ra4 Bc5 18. Kh2 Qd6 19. Rh4 Nh7 20. e3 g5 21. Ra4 Kh8
22. d4 exd4 23. exd4 Ba7 24. Nf3 f6 25. c4 dxc4 26. Rxc4 Re8 27. Rb4 Ree7 28.
Rd1 Nf8 29. Rd2 Qc7 30. Ra4 Rd5 31. Qc3 Kg7 32. Ne1 Rd8 33. Nc2 Qd7 34. Rb4 f5
35. Ne3 f4 36. Ng4 Qf5 37. d5+ Kh7 38. Rxb7 fxg3+ 39. fxg3 Rxb7 40. Be4 Qxe4
41. Nf6+ Kg6 42. Nxe4 Rf7 43. Qxc6+ Kg7 44. Qc3+ Kg6 45. h4 Nd7 46. Kh3 Bb8 47.
Qc6+ Nf6 48. Rf2 Be5 49. hxg5 hxg5 50. Qe6 g4+ 51. Kg2 Bd4 52. Qf5+ Kg7 53.
Qg5+ 1-0

[Event "Team men HL chess 2018"]
[Site "Sochi"]
[Date "2018.05.01"]
[Round "1.1"]
[White "Tregubov, Pavel V"]
[Black "Kozionov, Kirill"]
[Result "1-0"]
[WhiteElo "2578"]
[BlackElo "2452"]
[PlyCount "71"]
[EventDate "2018.05.01"]

1. d4 Nf6 2. c4 c5 3. d5 e6 4. Nc3 exd5 5. cxd5 d6 6. Nf3 g6 7. Bf4 Bg7 8. h3
O-O 9. e3 Na6 10. Bc4 Re8 11. Nd2 Nc7 12. a4 b6 13. O-O a6 14. e4 Rb8 15. Re1
b5 16. axb5 axb5 17. Bf1 c4 18. Qf3 Nh5 19. Bh2 Na6 20. g4 Nf6 21. e5 dxe5 22.
Rxe5 Rxe5 23. Bxe5 Rb6 24. Bd4 Rb8 25. Nde4 Nxe4 26. Qxe4 Bxd4 27. Qxd4 Qb6 28.
Qf4 Nc5 29. Re1 Bd7 30. Re7 Rf8 31. d6 Be6 32. Qd4 Rb8 33. Ne4 Nd7 34. Nf6+
Nxf6 35. Qxf6 Qxd6 36. Rxf7 1-0